Thời đại ảo
Kaydedildi:
| Materyal Türü: | Kitap |
|---|---|
| Dil: | Undetermined |
| Baskı/Yayın Bilgisi: |
Thành phố Hồ Chí Minh
Tổng hợp Thành phố Hồ Chí Minh
2003
|
| Konular: | |
| Etiketler: |
Etiketle
Etiket eklenmemiş, İlk siz ekleyin!
|
| Thư viện lưu trữ: | Trung tâm Học liệu Trường Đại học Cần Thơ |
|---|
| LEADER | 00572nam a2200181Ia 4500 | ||
|---|---|---|---|
| 001 | CTU_60447 | ||
| 008 | 210402s9999 xx 000 0 und d | ||
| 020 | |b 16000 | ||
| 082 | |a 895.1301 | ||
| 082 | |b Th462 | ||
| 245 | 0 | |a Thời đại ảo | |
| 245 | 0 | |c Nguyễn Thái Bạch Liên biên dịch | |
| 260 | |a Thành phố Hồ Chí Minh | ||
| 260 | |b Tổng hợp Thành phố Hồ Chí Minh | ||
| 260 | |c 2003 | ||
| 650 | |a Short stories, chinese ( vietnamese ) | ||
| 904 | |i Minh, Năm | ||
| 980 | |a Trung tâm Học liệu Trường Đại học Cần Thơ | ||